00301nam a22001097a 4500020001500000082002000015100002700035245004000062260005500102300000800157650002600165 a0791420205 a306.6297073 YVO aYvonne, Yazbeck Haddad aMuslim Communities in North America aNew YorkbState University of New York Pressc1994 a545 aMuslims-United States